000 00713cam a22002173a 4500
001 35233
003 PGUSA
005 20140828083747.0
008 110210s2011||||xxu|||||s|||||000 | eng d
040 _aPGUSA
_beng
042 _adc
100 1 _aChambers, Robert W.
_q(Robert William),
_d1865-1933
245 1 4 _aThe Streets of Ascalon :
_bEpisodes in the Unfinished Career of Richard Quarren, Esqre.
_h[electronic resource] /
_cRobert W. Chambers
260 _bProject Gutenberg,
_c2011
506 _aPublic domain in the USA.
516 _aElectronic text
700 1 _aGibson, Charles Dana,
_d1867-1944
830 0 _aProject Gutenberg
_v35233
856 4 0 _uhttp://www.gutenberg.org/ebooks/35233
942 _cEB
999 _c264488
_d264488